00225nam a2200085Ia 450000100070000000500170000700800410002424500520006526000220011777723820250826165903.0250824s9999 xx 000 0 und d 0aHAYAT DÜRBÜNÜMDE KIRK SENcAYŞE KULİN bEVEREST YAYINLARI